000 01195nam a2200229Ia 4500
001 L620-26699
003 IT-CnALBA
008 170116s9999||||xx |||||||||||||| ||und||
040 _aIT-CnALBA
_cIT-CnALBA
041 _aITALIANO
100 _aSENZA AUTORE
245 0 _aINVITO ALLA M. F.
250 _a1a ed.
260 _a TO
_bERI EDIZ. RAI RADIOTELEV. ITALIANA
_c1958 [1° Ed.:1958 - Ed.Ling.Originale: 1958]
300 _a137 p.
500 _aSTATISTICA DEI PROGRAMMI. RETE AD ONDE METRICHE MODULATE. ONDE CORTISSIME. RADIOONDE. MODULAZIONE DI FREQUENZA. ONDE METRICHE. SCELTA E COMANDI DI UN RICEVITORE. RICEVITORE A MODULAZIONE DI FREQUENZA. INSTALLAZIONE DI UN RICEVITORE. ANTENNA. SISTERMAZIONE
501 _aSocietà San Paolo EM - Piazza San Paolo, 14 - 12051 ALBA (CN) (non commercial uses only) ® Copyright 2017
520 _aSTATISTICA DEI PROGRAMMI. RETE AD ONDE METRICHE MODULATE. ONDE CORTISSIME. RADIOONDE. MODULAZIONE DI FREQUENZA. ONDE METRICHE. SCELTA E COMANDI DI UN RICEVITORE. RICEVITORE A MODULAZIONE DI FREQUENZA. INSTALLAZIONE DI UN RICEVITORE. ANTENNA. SISTERMAZIONE
650 _aINGEGNERIA E ATTIVITÀ COLLEGATE
942 _cBK
957 _71
999 _a31486
_bNO
_g Copie: 1
_c285807
_d285807